| 000 | 00528nam a22001937a 4500 | ||
|---|---|---|---|
| 003 | CEME | ||
| 005 | 20210628203419.0 | ||
| 008 | 210118b xxu||||| |||| 00| 0 eng d | ||
| 020 | _a0-7645-4349-0 | ||
| 040 | _cceme | ||
| 082 | _a778.59 BAK | ||
| 100 |
_aBaker, Donna L. _965287 |
||
| 245 | _aAdobe premiere pro, complete course | ||
| 250 | _a3RD | ||
| 260 |
_aUSA _bWILEY _c2004 |
||
| 300 | _aV,385P | ||
| 650 |
_aADOBE PREMIERE PRO.MOTION PICTURE-DATA PROCESSING.DIGITAL VIDEO-DATA PROCESSING _965288 |
||
| 942 |
_cBK _2ddc |
||
| 999 |
_c573550 _d573550 |
||